000
00297nam a22001337a 4500
008
170714b xxu||||| |||| 00| 0 eng d
020
_a
9780517057957
041
_a
eng
080
_a
038
100
_a
24
101
_a
FJA
245
_a
SEVEN LANGUAGE DICTIONARY
_c
SCHUMAKER,D
942
_2
udc
_c
BK
999
_c
20904
_d
20904